[Event "30th TePe Sigeman & Co"]
[Site "Malmo SWE"]
[Date "2025.05.20"]
[Round "1"]
[White "Tan Zhongyi"]
[Black "Sindarov, Javokhir"]
[Result "0-1"]
[WhiteElo "2536"]
[BlackElo "2706"]
[EventDate "2025.05.20"]
[PlyCount "120"]

1.d4 Nf6 2.c4 g6 3.Nc3 Bg7 4.g3 O-O 5.Bg2 d6 6.Nf3 c6 7.O-O Qb6 8.h3 Qa6 
9.b3 b5 10.Nd2 Bb7 11.Bb2 Nbd7 12.e4 bxc4 13.Nxc4 d5 14.Ne5 e6 15.Na4 dxe4
16.Qc2 Rac8 17.Rfc1 Ba8 18.Bf1 Qa5 19.Nc5 Nxc5 20.Nc4 Qb4 21.Bc3 Qb5 22.
Nd6 Qb6 23.Nxc8 Rxc8 24.dxc5 Qxc5 25.Bxf6 Qxc2 26.Rxc2 Bxf6 27.Re1 c5 28.
Bg2 Bb7 29.Bxe4 Ba6 30.Rd1 Bb5 31.a4 Be8 32.Rd6 Rc7 33.Rc4 Bd7 34.Ra6 Bd4 
35.Kg2 e5 36.Bd5 Bf5 37.Rd6 Kf8 38.Rd8+ Ke7 39.Rb8 Kd6 40.Ba8 a5 41.Rb6+ 
Ke7 42.Ra6 Rc8 43.Ra7+ Kd6 44.Bf3 Bd3 45.Ra6+ Ke7 46.Bd5 Rd8 47.Ra7+ Kf8 
48.Bxf7 Rd6 49.f3 e4 50.f4 e3 51.Kf3 e2 52.Rc1 c4 53.Rc7 Bb6 54.Rb7 Be4+ 
55.Kxe2 Bxb7 56.Bxc4 Bg2 57.h4 Bh3 58.Kf3 h5 59.Bb5 Rd2 60.Ke4 Bf5+ 0-1

[Event "30th TePe Sigeman & Co"]
[Site "Malmo SWE"]
[Date "2025.05.23"]
[Round "4"]
[White "Sindarov, Javokhir"]
[Black "L'Ami, Erwin"]
[Result "1-0"]
[WhiteElo "2706"]
[BlackElo "2621"]
[EventDate "2025.05.20"]
[PlyCount "89"]

1.e4 c5 2.Nf3 d6 3.d4 cxd4 4.Nxd4 Nf6 5.Nc3 a6 6.f4 e5 7.Nb3 Be7 8.fxe5 
dxe5 9.Qxd8+ Bxd8 10.Be3 Be6 11.Nc5 b5 12.Bd3 Nbd7 13.Nxe6 fxe6 14.a4 b4 
15.Nb1 Bb6 16.Bxb6 Nxb6 17.Nd2 a5 18.Nf3 Nbd7 19.Bb5 Ke7 20.O-O-O Rhc8 21.
Rhe1 Rc7 22.Re2 Rac8 23.Kb1 h6 24.h3 Rc5 25.Ne1 R5c7 26.Nd3 Nc5 27.Nxe5 
Ncxe4 28.g4 Rc5 29.Ng6+ Kf7 30.Nf4 g5 31.Nd3 Rd5 32.Rde1 Nd6 33.Ne5+ Kg7 
34.Bd3 h5 35.b3 Rc3 36.Kb2 Nb7 37.Bc4 Rxh3 38.Bxd5 Nxd5 39.gxh5 Rxh5 40.
Nc4 Nc5 41.Nxa5 g4 42.Rg2 Rg5 43.Reg1 Nf6 44.Nc4 Nce4 45.a5 1-0

[Event "30th TePe Sigeman & Co"]
[Site "Malmo SWE"]
[Date "2025.05.23"]
[Round "4"]
[White "Grandelius, Nils"]
[Black "Robson, Ray"]
[Result "1/2-1/2"]
[WhiteElo "2637"]
[BlackElo "2692"]
[EventDate "2025.05.20"]
[PlyCount "147"]

1.d4 Nf6 2.c4 e6 3.Nc3 Bb4 4.e3 O-O 5.Bd3 c5 6.Nf3 d5 7.cxd5 exd5 8.dxc5 
Bg4 9.O-O Bxc5 10.h3 Bh5 11.a3 Nc6 12.b4 Bb6 13.Be2 d4 14.Nxd4 Bxd4 15.
exd4 Qxd4 16.Qxd4 Nxd4 17.Bxh5 Nxh5 18.Rd1 Rfd8 19.Ra2 a5 20.bxa5 Nc6 21.
Rxd8+ Nxd8 22.Re2 Nc6 23.Nd5 Nxa5 24.g4 Nf6 25.Nxf6+ gxf6 26.Bb2 Kg7 27.
Re4 b5 28.Rf4 Ra6 29.g5 Nc4 30.Bxf6+ Kg6 31.Rh4 h5 32.gxh6 Kh7 33.Be7 Nxa3
34.Rf4 Kxh6 35.Rxf7 Nc2 36.Bf8+ Kg6 37.Rb7 b4 38.Bxb4 Ra1+ 39.Kg2 Nxb4 40.
Rxb4 Ra3 41.Rg4+ Kh5 42.Re4 Kg5 43.h4+ Kh5 44.f3 Ra1 45.Rg4 Rb1 46.Kh3 
Rh1+ 47.Kg3 Rg1+ 48.Kf4 Ra1 49.Rg8 Rb1 50.Rh8+ Kg6 51.Re8 Kh5 52.Rh8+ Kg6 
53.h5+ Kg7 54.Re8 Kh6 55.Re5 Ra1 56.Kg4 Rg1+ 57.Kh3 Rh1+ 58.Kg3 Rg1+ 59.
Kf4 Ra1 60.Kg4 Rg1+ 61.Kf5 Kxh5 62.f4 Kh6 63.Kf6 Rg6+ 64.Kf7 Rg7+ 65.Kf8 
Rg6 66.Ke7 Rg7+ 67.Kf6 Rg6+ 68.Kf5 Rg1 69.Re7 Rf1 70.Rf7 Ra1 71.Rd7 Rf1 
72.Re7 Rf2 73.Rd7 Rf1 74.Rd6+ 1/2-1/2

[Event "30th TePe Sigeman & Co"]
[Site "Malmo SWE"]
[Date "2025.05.23"]
[Round "4"]
[White "Tan Zhongyi"]
[Black "Ivanchuk, Vasyl"]
[Result "1-0"]
[WhiteElo "2536"]
[BlackElo "2644"]
[EventDate "2025.05.20"]
[PlyCount "56"]

1.e4 d5 2.exd5 Qxd5 3.Nc3 Qa5 4.d4 Nf6 5.Nf3 c6 6.Ne5 Be6 7.Nc4 Qd8 8.Be2 
g6 9.Bf4 Bg7 10.Qd2 Nbd7 11.O-O O-O 12.Rfe1 Nb6 13.Na5 Nbd5 14.Nxd5 Nxd5 
15.Bg5 h6 16.Bxh6 Bxh6 17.Qxh6 Qxa5 18.Bd3 Nf6 19.Re5 Qb4 20.Bxg6 fxg6 21.
Qxg6+ Kh8 22.Rxe6 Rg8 23.Qh6+ Nh7 24.Qe3 Qxb2 25.Re1 Rae8 26.c4 Rg7 27.d5 
cxd5 28.cxd5 Reg8 1-0

[Event "30th TePe Sigeman & Co"]
[Site "Malmo SWE"]
[Date "2025.05.23"]
[Round "4"]
[White "Erdogmus, Yagiz Kaan"]
[Black "Rapport, Richard"]
[Result "1-0"]
[WhiteElo "2618"]
[BlackElo "2722"]
[EventDate "2025.05.20"]
[PlyCount "91"]

1.e4 c5 2.Nf3 Nc6 3.Bb5 g6 4.O-O Bg7 5.d3 d6 6.Bxc6+ bxc6 7.e5 Bg4 8.exd6 
exd6 9.h3 Bxf3 10.Qxf3 Ne7 11.Nc3 h6 12.Bf4 O-O 13.Ne4 Nf5 14.c3 Rb8 15.
Rab1 Rb5 16.Qd1 d5 17.a4 Ra5 18.Nd2 Ra6 19.Re1 h5 20.Bh2 Re8 21.Rxe8+ Qxe8
22.Nb3 Bf8 23.a5 c4 24.dxc4 dxc4 25.Qf1 Qe6 26.Re1 Qd5 27.Re8 c5 28.Re5 
Qd3 29.Nxc5 Qxf1+ 30.Kxf1 Rxa5 31.Nd7 Rxe5 32.Bxe5 h4 33.Nf6+ Kg7 34.Ne4+ 
f6 35.Bxf6+ Kf7 36.Bg5 Ke6 37.Nd2 Kd5 38.Nf3 Kc5 39.Ke2 Kb5 40.Kd1 Bc5 41.
Nxh4 Bxf2 42.Nxf5 gxf5 43.h4 Kc6 44.h5 Bg3 45.h6 Be5 46.Be3 1-0

[Event "30th TePe Sigeman & Co"]
[Site "Malmo SWE"]
[Date "2025.05.24"]
[Round "5"]
[White "Rapport, Richard"]
[Black "Sindarov, Javokhir"]
[Result "1/2-1/2"]
[WhiteElo "2722"]
[BlackElo "2706"]
[EventDate "2025.05.20"]
[PlyCount "120"]

1.d4 Nf6 2.Nf3 d5 3.c4 e6 4.Nc3 c6 5.Bg5 h6 6.Bh4 dxc4 7.e4 g5 8.Bg3 b5 9.
Be2 Nbd7 10.O-O b4 11.Na4 Nxe4 12.Be5 Nef6 13.Rc1 g4 14.Nd2 Nxe5 15.dxe5 
Nd5 16.Bxg4 Ba6 17.Be2 Rg8 18.Bxc4 Bxc4 19.Rxc4 Qg5 20.g3 Qxe5 21.Re1 Qf5 
22.Nf3 Bg7 23.Nc5 Bf6 24.Ne4 Kf8 25.Rxc6 Bxb2 26.Nd4 Bxd4 27.Qxd4 Rg7 28.
Rd6 a5 29.Rc1 Kg8 30.Rc5 Rg6 31.Rxa5 Re8 32.Rda6 Kh7 33.Nd6 Qf3 34.Ra7 Rf8
35.Qe4 Qf6 36.Rb7 Nf4 37.Rxb4 Nh3+ 38.Kg2 Nxf2 39.Qc2 e5 40.Rd5 Qe6 41.Rd2
Ng4 42.Kg1 Rd8 43.Rb6 e4 44.Rd4 Qf6 45.Rxe4 Nxh2 46.Rf4 Qxf4 47.Qxg6+ fxg6
48.gxf4 Nf3+ 49.Kf2 Nd4 50.Rb7+ Kg8 51.Nf7 Ra8 52.Nxh6+ Kf8 53.Ke3 Ne6 54.
f5 gxf5 55.Nxf5 Ra3+ 56.Rb3 Rxb3+ 57.axb3 Nc5 58.b4 Na6 59.b5 Nc7 60.b6 
Nd5+ 1/2-1/2

[Event "30th TePe Sigeman & Co"]
[Site "Malmo SWE"]
[Date "2025.05.24"]
[Round "5"]
[White "Ivanchuk, Vasyl"]
[Black "Erdogmus, Yagiz Kaan"]
[Result "1-0"]
[WhiteElo "2644"]
[BlackElo "2618"]
[EventDate "2025.05.20"]
[PlyCount "87"]

1.c4 e5 2.g3 Nf6 3.Bg2 c6 4.d4 Bb4+ 5.Bd2 Bxd2+ 6.Qxd2 d6 7.e4 O-O 8.Ne2 
b5 9.O-O Nbd7 10.Na3 Qb6 11.b4 a5 12.cxb5 cxb5 13.Rfb1 Bb7 14.bxa5 Qxa5 
15.Qxa5 Rxa5 16.Rxb5 Ra7 17.Nc2 Bxe4 18.Bxe4 Nxe4 19.a4 Rc8 20.Nb4 g6 21.
a5 Rc4 22.dxe5 dxe5 23.a6 Nec5 24.Ra3 Kg7 25.Kg2 e4 26.Nf4 Ne5 27.Nfd5 Nf3
28.Ra1 Nd4 29.Rb6 Nc2 30.Nxc2 Rxc2 31.Rc6 Nb3 32.Rxc2 Nxa1 33.Rc6 Nb3 34.
Nb4 Kf8 35.Rc8+ Kg7 36.Rc3 Na5 37.Kf1 Kf6 38.Rc5 Nb3 39.Rc7 Ra8 40.a7 Ke6 
41.Nc2 Na5 42.Nd4+ Kd5 43.Nb5 f5 44.Rb7 1-0

[Event "30th TePe Sigeman & Co"]
[Site "Malmo SWE"]
[Date "2025.05.24"]
[Round "5"]
[White "Robson, Ray"]
[Black "Tan Zhongyi"]
[Result "1/2-1/2"]
[WhiteElo "2692"]
[BlackElo "2536"]
[EventDate "2025.05.20"]
[PlyCount "94"]

1.e4 e5 2.Nf3 Nc6 3.Bc4 Nf6 4.d3 Bc5 5.Bg5 h6 6.Bh4 Be7 7.Bg3 d6 8.a4 Be6 
9.Bxe6 fxe6 10.c3 a5 11.Nbd2 O-O 12.O-O Nh5 13.d4 Nxg3 14.hxg3 exd4 15.
Nxd4 Nxd4 16.cxd4 d5 17.Qe2 dxe4 18.Qxe4 Qd5 19.Qe2 Bf6 20.Nf3 Bxd4 21.
Nxd4 Qxd4 22.Qxe6+ Kh8 23.Qb3 Rf6 24.Rad1 Qb6 25.Qxb6 Rxb6 26.Rd7 Rxb2 27.
Rxc7 Rf8 28.f4 Re8 29.Kh2 Ree2 30.Rg1 Rec2 31.Rxc2 Rxc2 32.Rb1 Rc4 33.Rxb7
Rxa4 34.Ra7 g5 35.f5 Kg8 36.Ra6 g4 37.Rxh6 Re4 38.Ra6 a4 39.Ra7 Kf8 40.Kg1
Kg8 41.Kf2 Kf8 42.Kf1 Kg8 43.Kg1 Kf8 44.Kf2 Kg8 45.f6 Kf8 46.Rg7 Ke8 47.
Ra7 Kf8 1/2-1/2

[Event "30th TePe Sigeman & Co"]
[Site "Malmo SWE"]
[Date "2025.05.24"]
[Round "5"]
[White "L'Ami, Erwin"]
[Black "Grandelius, Nils"]
[Result "1-0"]
[WhiteElo "2621"]
[BlackElo "2637"]
[EventDate "2025.05.20"]
[PlyCount "101"]

1.d4 Nf6 2.c4 e6 3.Nf3 b6 4.g3 Ba6 5.Qb3 d5 6.cxd5 Qxd5 7.Qxd5 Nxd5 8.a3 
Bb7 9.Bg2 Nd7 10.O-O Be7 11.Re1 c5 12.e4 Nc7 13.Nc3 cxd4 14.Nxd4 Ne5 15.
Bf4 Bf6 16.Rac1 O-O 17.Nce2 Na6 18.Bxe5 Bxe5 19.b4 Rfd8 20.Red1 Nc7 21.f4 
Bxd4+ 22.Rxd4 Ne8 23.e5 Bxg2 24.Kxg2 h5 25.Kf3 Kf8 26.Ke4 Ke7 27.Rxd8 Kxd8
28.Nd4 Nc7 29.f5 Kd7 30.Rc6 exf5+ 31.Kxf5 Rh8 32.Rd6+ Kc8 33.e6 fxe6+ 34.
Nxe6 Nxe6 35.Rxe6 Kd7 36.Rg6 Rg8 37.Kg5 Ke7 38.Kxh5 Kf7 39.Rc6 Rh8+ 40.Kg5
Rxh2 41.Rc7+ Kg8 42.Rxa7 Kh7 43.b5 Rc2 44.a4 Rc5+ 45.Kf4 Kh6 46.Ke4 g6 47.
Ra6 Kh5 48.Kd4 Rg5 49.Rxb6 Rg4+ 50.Kc5 Rxa4 51.Ra6 1-0

[Event "30th TePe Sigeman & Co"]
[Site "Malmo SWE"]
[Date "2025.05.25"]
[Round "6"]
[White "Sindarov, Javokhir"]
[Black "Grandelius, Nils"]
[Result "1/2-1/2"]
[WhiteElo "2706"]
[BlackElo "2637"]
[EventDate "2025.05.20"]
[PlyCount "81"]

1.e4 e5 2.Nf3 Nc6 3.Bc4 Nf6 4.d3 h6 5.c3 Bc5 6.b4 Be7 7.O-O O-O 8.Bb2 a6 
9.a4 d5 10.exd5 Nxd5 11.b5 axb5 12.axb5 Rxa1 13.Bxa1 Na5 14.Bxd5 Qxd5 15.
c4 Qd8 16.Bxe5 Bf5 17.Nc3 Bxd3 18.Bxc7 Qxc7 19.Nd5 Qxc4 20.Nxe7+ Kh8 21.
Ne5 Qc7 22.Re1 Bc2 23.Qe2 Bh7 24.Qe3 b6 25.Rc1 Qd6 26.h3 Bg6 27.Rc8 Rxc8 
28.Nxc8 Qb4 29.Ne7 Qxb5 30.f4 Qc5 31.Qxc5 bxc5 32.Kf2 Be4 33.Nxf7+ Kh7 34.
Nd6 Ba8 35.g4 Nc6 36.Nxc6 Bxc6 37.f5 Kg8 38.Ke3 Kf8 39.Kf4 Ke7 40.Ke5 Bf3 
41.Nc4 1/2-1/2

[Event "30th TePe Sigeman & Co"]
[Site "Malmo SWE"]
[Date "2025.05.25"]
[Round "6"]
[White "Tan Zhongyi"]
[Black "L'Ami, Erwin"]
[Result "1/2-1/2"]
[WhiteElo "2536"]
[BlackElo "2621"]
[EventDate "2025.05.20"]
[PlyCount "97"]

1.e4 c5 2.Nf3 d6 3.d4 cxd4 4.Nxd4 Nf6 5.Nc3 a6 6.a3 e5 7.Nf5 d5 8.Bg5 d4 
9.Bxf6 gxf6 10.Nb1 h5 11.Nd2 Nd7 12.Qf3 Nc5 13.Bc4 Be6 14.Bd5 Qd7 15.c4 
dxc3 16.bxc3 Bxd5 17.exd5 O-O-O 18.Ne3 Nd3+ 19.Kf1 Bc5 20.c4 f5 21.Qxf5 
Qxf5 22.Nxf5 Nxf2 23.Rg1 Ng4 24.Rh1 Nf2 25.Rg1 Ng4 26.Rh1 Ne3+ 27.Nxe3 
Bxe3 28.Ke2 Bxd2 29.Kxd2 Rdg8 30.Rhg1 Rg4 31.Raf1 Rxc4 32.Rxf7 Rd8 33.Rb1 
Rxd5+ 34.Ke3 Rc7 35.Rf8+ Rd8 36.Rxd8+ Kxd8 37.Ke4 b5 38.Rd1+ Ke7 39.Rd5 h4
40.Rxe5+ Kf6 41.Rf5+ Kg6 42.Rd5 Rc6 43.Kd3 Rf6 44.Rd4 Kg5 45.Rd5+ Kg6 46.
Ke3 Rc6 47.Kd2 Rf6 48.Ke3 Rc6 49.Kd2 1/2-1/2

[Event "30th TePe Sigeman & Co"]
[Site "Malmo SWE"]
[Date "2025.05.25"]
[Round "6"]
[White "Erdogmus, Yagiz Kaan"]
[Black "Robson, Ray"]
[Result "1/2-1/2"]
[WhiteElo "2618"]
[BlackElo "2692"]
[EventDate "2025.05.20"]
[PlyCount "218"]

1.e4 c5 2.Nf3 Nc6 3.Bb5 g6 4.O-O Bg7 5.Bxc6 bxc6 6.Re1 Qc7 7.h3 d6 8.c3 
Nf6 9.d4 cxd4 10.cxd4 O-O 11.Nc3 c5 12.e5 dxe5 13.dxe5 Rd8 14.Qa4 Nh5 15.
Ne4 Bb7 16.Be3 Bc6 17.Qc2 Bxe5 18.Nxe5 Qxe5 19.Nxc5 Rac8 20.Qc3 Qxc3 21.
bxc3 Bd5 22.Bd4 Kf8 23.Nb3 Nf4 24.f3 Ne6 25.Bxa7 Rxc3 26.Nd4 Nxd4 27.Bxd4 
Rc2 28.Rad1 Bxa2 29.Bg7+ Ke8 30.Rxd8+ Kxd8 31.Bh6 f6 32.Rd1+ Ke8 33.Rc1 
Rb2 34.Be3 Rb7 35.Ra1 Bd5 36.h4 Kf7 37.Ra7 Rb3 38.Bc5 Bb7 39.Kh2 e5 40.Ra4
Rc3 41.Ra7 Rb3 42.Ra4 Rd3 43.Ra7 Rd7 44.Be3 Ke6 45.Bh6 Rd4 46.Bf8 Rd7 47.
Bh6 Kd6 48.Kg3 Kc6 49.Ra2 Kc7 50.Rc2+ Bc6 51.Ra2 Rd6 52.Rc2 Rd7 53.Rb2 Bb7
54.Ra2 Rd6 55.Rc2+ Kd8 56.Rb2 Kc7 57.Rc2+ Bc6 58.Ra2 Rd7 59.Rb2 Re7 60.Rd2
Re6 61.Rd1 Bb7 62.Rd2 Ra6 63.Rb2 Bc8 64.Rb3 Be6 65.Rb1 Bd5 66.Rb2 Ra3 67.
Bf8 Ra6 68.Bh6 Kd7 69.Be3 Ra3 70.Kf2 h5 71.Bh6 Rc3 72.Rb6 Rc2+ 73.Kg1 Bc6 
74.Rb1 Bd5 75.Rb6 Ke7 76.Be3 Bc6 77.Rb1 Bd5 78.Rd1 Ke6 79.Rd2 Rc3 80.Kf2 
Bc6 81.Rd1 Rc2+ 82.Rd2 Rc4 83.Kg3 Rc3 84.Re2 Kf5 85.Kh2 Bb5 86.Rb2 Bc6 87.
Bf2 g5 88.hxg5 Kxg5 89.Be1 Rc4 90.Rb3 Bd7 91.Rb8 Be6 92.Rb4 Rc6 93.Bh4+ 
Kg6 94.Rb2 Rc4 95.Kg3 Bd5 96.Rb6 Bc6 97.Rb8 Kg7 98.Rd8 f5 99.Rd6 e4 100.
Bf6+ Kf7 101.Bg5 exf3 102.gxf3 Rc3 103.Rf6+ Kg7 104.Rxf5 Kg6 105.Bd2 Rd3 
106.Rg5+ Kf6 107.Rxh5 Bxf3 108.Rh6+ Kf5 109.Kf2 Ke5 1/2-1/2

[Event "30th TePe Sigeman & Co"]
[Site "Malmo SWE"]
[Date "2025.05.25"]
[Round "6"]
[White "Rapport, Richard"]
[Black "Ivanchuk, Vasyl"]
[Result "1-0"]
[WhiteElo "2722"]
[BlackElo "2644"]
[EventDate "2025.05.20"]
[PlyCount "49"]

1.d4 Nf6 2.Bf4 c6 3.Nc3 Qa5 4.a3 d6 5.b4 Qc7 6.e4 e5 7.Bg3 Be7 8.Nf3 Nbd7 
9.h3 a5 10.Bd3 exd4 11.Nxd4 axb4 12.axb4 Rxa1 13.Qxa1 Ne5 14.O-O Qb6 15.
Na4 Qa7 16.b5 Nh5 17.b6 Qb8 18.Bh2 g5 19.Nc5 Bxh3 20.gxh3 dxc5 21.Bxe5 
Qxe5 22.Nxc6 Qxa1 23.Rxa1 Kd7 24.Na5 Ra8 25.Bb5+ 1-0

[Event "30th TePe Sigeman & Co"]
[Site "Malmo SWE"]
[Date "2025.05.26"]
[Round "7"]
[White "Ivanchuk, Vasyl"]
[Black "Sindarov, Javokhir"]
[Result "1/2-1/2"]
[WhiteElo "2644"]
[BlackElo "2706"]
[EventDate "2025.05.20"]
[PlyCount "81"]

1.Nf3 Nf6 2.g3 d5 3.Bg2 e6 4.O-O Be7 5.c4 O-O 6.d4 dxc4 7.Qc2 a6 8.a4 Nc6 
9.Qxc4 Na5 10.Qc2 b6 11.Ne5 Bb7 12.Bxb7 Nxb7 13.Nc6 Qe8 14.Rd1 Bc5 15.Ne5 
Bd6 16.Nc4 Qc6 17.Nba3 Bxa3 18.Rxa3 b5 19.Ne3 Qd7 20.b3 Nd6 21.Bb2 Nd5 22.
Nxd5 exd5 23.axb5 Nxb5 24.Ra5 Rfe8 25.Rda1 Re6 26.Qd3 Rae8 27.e3 Qc8 28.
Qf5 Qb7 29.Bc1 g6 30.Qd3 h5 31.Bd2 Rf6 32.Rf1 Qc8 33.f3 Qh3 34.Rf2 Rb6 35.
Ra1 Qd7 36.Rc1 Rbe6 37.Rc5 c6 38.Qc2 Rf6 39.Kg2 Nc7 40.Qd3 Ne6 41.Rc1 
1/2-1/2

[Event "30th TePe Sigeman & Co"]
[Site "Malmo SWE"]
[Date "2025.05.26"]
[Round "7"]
[White "Robson, Ray"]
[Black "Rapport, Richard"]
[Result "1/2-1/2"]
[WhiteElo "2692"]
[BlackElo "2722"]
[EventDate "2025.05.20"]
[PlyCount "72"]

1.d4 Nf6 2.c4 g6 3.Nc3 Bg7 4.e4 d6 5.h3 e5 6.d5 a5 7.Be3 Na6 8.Nf3 O-O 9.
g4 Nd7 10.a3 Nac5 11.Rg1 a4 12.Nd2 Bf6 13.g5 Be7 14.h4 f6 15.gxf6 Nxf6 16.
h5 g5 17.Rxg5+ Kh8 18.Rg3 Rg8 19.Rxg8+ Qxg8 20.Qe2 Ng4 21.Bxc5 dxc5 22.Nf3
Qf7 23.O-O-O Qxh5 24.Nb5 Ra6 25.Nxc7 Rf6 26.Ne6 Nxf2 27.Qxf2 Rxf3 28.Qg2 
Rf7 29.Be2 Qh6+ 30.Kb1 Bxe6 31.dxe6 Rg7 32.Qf3 Qxe6 33.Qh5 Bd6 34.Qh4 Be7 
35.Qh5 Bd6 36.Qh4 Be7 1/2-1/2

[Event "30th TePe Sigeman & Co"]
[Site "Malmo SWE"]
[Date "2025.05.26"]
[Round "7"]
[White "L'Ami, Erwin"]
[Black "Erdogmus, Yagiz Kaan"]
[Result "1/2-1/2"]
[WhiteElo "2621"]
[BlackElo "2618"]
[EventDate "2025.05.20"]
[PlyCount "80"]

1.d4 d5 2.c4 dxc4 3.Nf3 Nf6 4.e3 c5 5.Bxc4 e6 6.O-O Nc6 7.Nc3 a6 8.d5 Nxd5
9.Nxd5 b5 10.Bb3 c4 11.Bxc4 bxc4 12.e4 Bb7 13.Re1 Bb4 14.Bg5 f6 15.Bd2 
Bxd2 16.Qxd2 Rc8 17.Ne3 Qxd2 18.Nxd2 Ne5 19.Rec1 Ke7 20.f3 c3 21.Rxc3 Rxc3
22.bxc3 Rd8 23.Ndc4 Nxc4 24.Nxc4 Rc8 25.Na5 Bc6 26.Rc1 Bd7 27.Kf2 e5 28.
Ke3 Be6 29.Nb3 Rb8 30.Rc2 Rb5 31.c4 Rb4 32.Kd3 Kd6 33.Nd2 Kc5 34.Kc3 Bxc4 
35.a3 Ra4 36.Kb2 Kb5 37.Nb1 Kb6 38.Rd2 Kc7 39.Rc2 Kb6 40.Rd2 Kc7 1/2-1/2

[Event "30th TePe Sigeman & Co"]
[Site "Malmo SWE"]
[Date "2025.05.26"]
[Round "7"]
[White "Grandelius, Nils"]
[Black "Tan Zhongyi"]
[Result "1-0"]
[WhiteElo "2637"]
[BlackElo "2536"]
[EventDate "2025.05.20"]
[PlyCount "113"]

1.e4 e5 2.Nf3 Nc6 3.Bb5 a6 4.Ba4 Nf6 5.d3 b5 6.Bb3 Be7 7.Nc3 d6 8.a3 O-O 
9.h3 Rb8 10.O-O h6 11.Be3 Re8 12.Nd5 Bf8 13.Rc1 Nxd5 14.Bxd5 Ne7 15.Ba2 
Ng6 16.b4 c5 17.bxc5 dxc5 18.Bd5 a5 19.c4 b4 20.axb4 axb4 21.Ra1 Be6 22.
Ra6 Rb6 23.Ra7 Qf6 24.Nd2 Nf4 25.Nb3 Rc8 26.Bxf4 exf4 27.Qf3 Qb2 28.Qd1 
Bxd5 29.cxd5 Rg6 30.Na5 Qf6 31.Nc4 f3 32.g3 h5 33.Rb7 Qa6 34.Rd7 Rf6 35.
Qa1 Qb5 36.Ra7 h4 37.g4 Re8 38.e5 Rf4 39.e6 Qb8 40.Re1 fxe6 41.dxe6 Be7 
42.Qa6 Rd4 43.Ne5 Qd6 44.Nc6 Bf6 45.Ra8 Rxa8 46.Qxa8+ Qf8 47.Qa2 Kh7 48.
Nxd4 Bxd4 49.e7 Qb8 50.Kh1 Qe8 51.Qd5 Bxf2 52.Qh5+ Qxh5 53.gxh5 Bxe1 54.
e8=Q Bc3 55.Qg6+ Kh8 56.h6 b3 57.hxg7+ 1-0